| 000 | 00738nam a2200241 a 4500 | ||
|---|---|---|---|
| 001 | 000023252 | ||
| 005 | 20200930022105.0 | ||
| 008 | 101201s1995 sp 000 j spa d | ||
| 020 | _a8420646199 | ||
| 040 |
_aDO-SdBNP _bspa _cBNPHU |
||
| 082 |
_a813.3 _bP743c |
||
| 100 | 1 |
_aPoe, Edgar Allan, _d1809-1849 _99903 |
|
| 245 | 1 | 4 |
_aLos crímenes de la calle Morgue / _cEdgar Allan Poe ; traducción de Julio Cortázar. |
| 260 |
_aMadrid : _bAlianza, _c1995. |
||
| 300 |
_a62, [2] p. ; _c15 cm. |
||
| 490 | 1 |
_aAlianza cien _v19 |
|
| 650 | 4 |
_aCuentos estadounidenses _93514 |
|
| 650 | 4 |
_aLiteratura estadounidense _9263 |
|
| 700 | 1 |
_aCortázar, Julio, _etr. _922782 |
|
| 830 | 0 |
_aAlianza cien ; _v19 _912832 |
|
| 910 | _aWM | ||
| 049 | _aBNGR | ||
| 999 |
_c22749 _d22749 |
||